Senior Art centrum

Enregistré dans:
Détails bibliographiques
Auteur principal: Kukučková, Barbora (Auteur)
Autres auteurs: Ganobjak, Michal (Directeur de thèse)
Format: Manuscrit Livre
Langue:slovaque
Publié: Bratislava 2018
Sujets:
Accès en ligne:http://is.stuba.sk/zp/portal_zp.pl?podrobnosti=111419
Tags: Ajouter un tag
Pas de tags, Soyez le premier à ajouter un tag!

MARC

LEADER 00000ntm a22000003a 4500
001 stuzp63851
003 SK-STU
005 20210129095631.0
007 ta
008 150427s2015----xo-----f-mn---000-0-slo-d
040 |a STU  |b slo 
041 0 |a slo 
100 1 |a Kukučková, Barbora  |u 053130  |4 aut  |U FAD Fakulta architektúry  |T FA Ústav dejín a teórie architektúry a obnovy pamiatok  |X 65237  |U A3130  |Y 394  |7 65237 
242 0 1 |a Senior Art Centrum  |y eng 
245 1 0 |a Senior Art centrum 
260 |c 2018  |a Bratislava 
650 4 |a Seniori  |2 slo 
650 4 |a umenie  |2 slo 
650 4 |a kruh  |2 slo 
650 4 |a senior  |2 eng 
650 4 |a art  |2 eng 
650 4 |a circle  |2 eng 
700 1 |a Ganobjak, Michal  |u 053130  |k Z2  |4 ths  |U FAD Fakulta architektúry  |T FA Ústav dejín a teórie architektúry a obnovy pamiatok  |X 28156  |U A3130  |Y 394  |7 A000028156 
856 4 |u http://is.stuba.sk/zp/portal_zp.pl?podrobnosti=111419  |u https://opac.crzp.sk/?fn=detailBiblioForm&sid=85D30AFD35884905429DB94E20A9